Photosynthesis / (Record no. 72437)
[ view plain ]
| 000 -LEADER | |
|---|---|
| fixed length control field | 00757nam a2200253 a 4500 |
| 001 - CONTROL NUMBER | |
| control field | 72437 |
| 003 - CONTROL NUMBER IDENTIFIER | |
| rucl marc code | BD-RjUL |
| 005 - DATE AND TIME OF LATEST TRANSACTION | |
| control field | 20211209082248.0 |
| 008 - FIXED-LENGTH DATA ELEMENTS--GENERAL INFORMATION | |
| fixed length control field | 170518r19691968enkaf b 001 0 eng |
| 020 ## - INTERNATIONAL STANDARD BOOK NUMBER | |
| International Standard Book Number | 0340050810 |
| International Standard Book Number | 0340050802 (pbk.) |
| 035 ## - SYSTEM CONTROL NUMBER | |
| System control number | (BD-RjUL)72655 |
| 040 ## - CATALOGING SOURCE | |
| Original cataloging agency | BD-RjUL |
| Language of cataloging | eng |
| Transcribing agency | BD-RjUL |
| 041 ## - LANGUAGE CODE | |
| Language code of text/sound track or separate title | eng |
| 082 ## - DEWEY DECIMAL CLASSIFICATION NUMBER | |
| Edition number | 23 |
| Classification number | 572.46 |
| Author mark and year | FOP 1969 |
| 100 1# - MAIN ENTRY--PERSONAL NAME | |
| Personal name | Fogg, G. E. |
| Fuller form of name | (Gordon Elliott), |
| Dates associated with a name | 1919-2005. |
| 9 (RLIN) | 214241 |
| 245 10 - TITLE STATEMENT | |
| Title | Photosynthesis / |
| Statement of responsibility, etc. | G. E. Fogg |
| 260 ## - PUBLICATION, DISTRIBUTION, ETC. (IMPRINT) | |
| Place of publication, distribution, etc. | London : |
| Name of publisher, distributor, etc. | The English universities press ltd., |
| Date of publication, distribution, etc. | 1968, [Second impression 1969] |
| 300 ## - PHYSICAL DESCRIPTION | |
| Pagination | xii, 116 p. : |
| Illustrations | ill. ; |
| Size | 22 cm. |
| 490 1# - SERIES STATEMENT | |
| Series statement | Modern Biology |
| 504 ## - BIBLIOGRAPHY, ETC. NOTE | |
| Bibliography, etc | Includes bibliography and index |
| 650 #0 - SUBJECT ADDED ENTRY--TOPICAL TERM | |
| Topical term or geographic name as entry element | Photosynthesis |
| 9 (RLIN) | 214242 |
| 942 ## - ADDED ENTRY ELEMENTS (KOHA) | |
| Source of classification or shelving scheme | Dewey Decimal Classification |
| Koha item type | Books |
| Lost status | Source of classification or shelving scheme | Damaged status | Not for loan | Collection code | Permanent Location | Current Location | Shelving location | Date acquired | Source of acquisition | Cost, normal purchase price | Total Checkouts | Full call number | Date last seen | Copy number | Koha item type |
|---|---|---|---|---|---|---|---|---|---|---|---|---|---|---|---|
| Dewey Decimal Classification | Not For Loan | Non-fiction | Central Library, University of Rajshahi | Central Library, University of Rajshahi | Reading Room | 15/10/1973 | Mitali Prokashoni | 27.50 | 572.46 FOP 1969 | 18/05/2017 | C-1 | Books |